00404nam a22001217a 4500008004100000040005500041080001800096245008200114260004800196300001000244650001300254653001500267230501b |||||||| |||| 00| 0 eng d aNational Science LibrarycNational Science Library a54(082.2)bL0 aProgramme and abstracts chemistry symposiumc/Indian institute of technology  a[s.l]bDepartment of Atomic Energy, c1970 a105p. aNuclear  aChemistry